[Event "8th Amsterdam Summer Open-A 2018"]
[Site "Amsterdam"]
[Date "2018.07.11"]
[Round "5"]
[White "Vroombout, Enrico"]
[Black "Hernandez Iglesias, Francisco"]
[Result "1/2-1/2"]
[WhiteElo "2132"]
[BlackElo "2047"]
[Annotator "NA"]
[PlyCount "130"]
[EventDate "2018.07.07"]
[EventType "swiss"]
[EventCountry "NED"]
[SourceTitle "playchess.com"]
[Source "ChessBase"]
[SourceQuality "1"]
[TimeControl "40/5400+30:1800+30"]

1. d4 {[%emt 0:00:00]} d5 {[%emt 0:00:00]} 2. c4 {[%emt 0:00:00]} c6 {[%emt 0:00:00]} 3. Nf3 {[%emt 0:00:00]} Nf6 {[%emt 0:00:00]} 4. Nc3 {[%emt 0:00:02]} e6 {[%emt 0:00:00]} 5. Bg5 {[%emt 0:00:14]} h6 {[%emt 0:00:00]} 6. Bxf6 {[%emt 0:00:48]} Qxf6 {[%emt 0:00:00]} 7. e3 {[%emt 0:00:15]} g6 {[%emt 0:00:06]} 8. Be2 {[%emt 0:01:53] D43: Semi-Slav: 5 Bg5 h6} Bg7 {[%emt 0:00:18]} 9. cxd5 {[%emt 0:02:01]} exd5 {[%emt 0:00:17]} 10. O-O {[%emt 0:03:04]} O-O {[%emt 0:02:12]} 11. b4 {[%emt 0:01:03]} Be6 {[%emt 0:03:00]} 12. Rc1 $146 {[%emt 0:10:02]} ({Predecessor:} 12. Qb3 Qd8 13. Rfd1 Nd7 14. Rac1 b5 15. a4 a6 {½-½ (45) Fridman,D (2627)-Giri,A (2752) Rosmalen 2014}) 12... a6 {[%emt 0:05:20]} 13. Na4 {[%emt 0:02:47]} Qe7 {[%emt 0:03:53]} 14. Nc5 {[%emt 0:17:04]} Bc8 {[%emt 0:00:56]} 15. Qd2 {[%emt 0:04:06]} Nd7 {[%emt 0:05:03]} 16. a4 {[%emt 0:02:34]} Re8 {[%emt 0:08:05]} 17. b5 {[%emt 0:02:58]} Nxc5 {[%emt 0:08:35]} 18. Rxc5 {[%emt 0:00:13]} cxb5 {[%emt 0:02:20]} 19. axb5 {[%emt 0:01:07]} b6 {[%emt 0:00:30]} 20. Rc6 {[%emt 0:17:05]} Bb7 {[%emt 0:03:08]} 21. Rxb6 {[%emt 0:00:07]} Qc7 {[%emt 0:00:07]} 22. Rxb7 {[%emt 0:00:07]} Qxb7 {[%emt 0:00:05]} 23. bxa6 {[%emt 0:00:04]} Qd7 {[%emt 0:02:09]} 24. Rb1 {[%emt 0:02:38]} Reb8 {[%emt 0:01:01]} 25. Rxb8+ {[%emt 0:00:53]} Rxb8 {[%emt 0:00:03]} 26. Qa2 $16 {[%emt 0:00:38]} Bf6 {[%emt 0:04:52]} 27. g3 {[%emt 0:01:46]} Kg7 {[%emt 0:00:49]} 28. Kg2 {[%emt 0:00:05]} g5 {[%emt 0:04:00]} 29. Ne1 {[%emt 0:03:57]} g4 {[%emt 0:07:16]} 30. Nd3 {[%emt 0:09:25]} Qf5 {[%emt 0:02:34]} 31. a7 {[%emt 0:01:38]} Ra8 {[%emt 0:01:12]} 32. Nf4 {[%emt 0:04:23]} Bd8 {[%emt 0:10:43]} 33. Qxd5 {[%emt 0:09:14]} Qxd5+ {[%emt 0:01:27]} 34. Nxd5 {[%emt 0:00:03]} h5 {[%emt 0:02:41]} 35. Nf4 {[%emt 0:00:20]} Kh6 {[%emt 0:00:12]} 36. h3 {[%emt 0:01:21]} gxh3+ {[%emt 0:02:54]} 37. Kxh3 {[%emt 0:00:08]} h4 {[%emt 0:01:09]} 38. gxh4 {[%emt 0:00:55]} Rxa7 {[%emt 0:00:06]} 39. Bg4 {[%emt 0:03:16]} Ra1 {[%emt 0:03:11]} 40. Bf3 {[%emt 0:00:39]} Ra2 {[%emt 0:04:42]} 41. Ne2 {[%emt 0:01:28]} Bc7 {[%emt 0:02:19]} 42. Kg2 {[%emt 0:01:30]} Bd8 {[%emt 0:01:09]} 43. h5 {[%emt 0:01:45]} Bc7 {[%emt 0:03:27]} 44. Ng3 {[%emt 0:03:15]} Ra5 {[%emt 0:03:08]} 45. d5 {[%emt 0:01:36]} Ra6 {[%emt 0:01:52]} 46. Bg4 {[%emt 0:04:40]} Kg5 {[%emt 0:06:08]} 47. Be2 {[%emt 0:00:34]} Ra4 {[%emt 0:05:53]} 48. f4+ {[%emt 0:01:03]} Kf6 {[%emt 0:00:24]} 49. Kf3 {[%emt 0:06:52]} Ra3 {[%emt 0:00:45]} 50. Ne4+ {[%emt 0:00:36]} Kg7 {[%emt 0:01:57]} 51. Nd2 {[%emt 0:00:58]} f5 {[%emt 0:03:35]} 52. Nc4 {[%emt 0:00:03]} Rc3 {[%emt 0:00:21]} 53. Kf2 {[%emt 0:04:07]} Rc1 {[%emt 0:03:23]} 54. d6 {[%emt 0:04:42]} Rxc4 {[%emt 0:01:00]} 55. Bxc4 {[%emt 0:00:03]} Bxd6 {[%emt 0:00:09]} 56. Be6 {[%emt 0:00:27]} Kf6 {[%emt 0:00:29]} 57. h6 {[%emt 0:00:52]} Kg6 {[%emt 0:00:31]} 58. Bxf5+ {[%emt 0:01:24]} Kxh6 {[%emt 0:00:06]} 59. Kf3 {[%emt 0:01:21]} Kg7 {[%emt 0:00:06]} 60. Ke4 {[%emt 0:00:30]} Kf6 {[%emt 0:00:22]} 61. Bc8 {[%emt 0:00:12]} Bc5 {[%emt 0:00:30]} 62. Kd3 {[%emt 0:00:13]} Ba7 {[%emt 0:00:13]} 63. e4 {[%emt 0:00:04]} Bb8 {[%emt 0:00:04]} 64. e5+ {[%emt 0:00:02]} Bxe5 {[%emt 0:00:06]} 65. fxe5+ {[%emt 0:00:02]} Kxe5 {[%emt 0:00:10] Ke4+ [%emt 00:00:07]} 1/2-1/2

[Event "8th Amsterdam Summer Open-A 2018"]
[Site "Amsterdam"]
[Date "2018.07.11"]
[Round "5"]
[White "Mijnheer, Peter"]
[Black "Hildenbrand, Peter"]
[Result "0-1"]
[WhiteElo "2106"]
[BlackElo "2226"]
[Annotator "NA"]
[PlyCount "110"]
[EventDate "2018.07.07"]
[EventType "swiss"]
[EventCountry "NED"]
[SourceTitle "playchess.com"]
[Source "ChessBase"]
[SourceQuality "1"]
[TimeControl "40/5400+30:1800+30"]

1. e4 {[%emt 0:00:00]} d6 {[%emt 0:00:00]} 2. d4 {[%emt 0:00:00]} Nf6 {[%emt 0:00:00]} 3. Nc3 {[%emt 0:00:00]} e5 {[%emt 0:00:00]} 4. Nf3 {[%emt 0:00:59]} Nbd7 {[%emt 0:00:00]} 5. Bc4 {[%emt 0:01:04]} Be7 {[%emt 0:00:00]} 6. a4 {[%emt 0:01:03]} c6 {[%emt 0:00:02]} 7. O-O {[%emt 0:09:19]} h6 {[%emt 0:01:56]} 8. Re1 {[%emt 0:18:24] C41: Philidor-Verteidigung} Qc7 {[%emt 0:00:12]} 9. Ba2 {[%emt 0:00:46] LiveBook: 10 Partien} (9. Qd3 exd4 10. Qxd4 Ne5 11. Nxe5 dxe5 {1-0 (11) Fedorchuk,S (2665)-Rapport,R (2704) Palic 2014}) 9... a5 {[%emt 0:02:46]} 10. Be3 {[%emt 0:10:25]} Ng4 {[%emt 0:01:36]} 11. Bc1 {[%emt 0:43:11]} Nf8 {[%emt 0:00:35]} 12. h3 {[%emt 0:00:24]} Nf6 {[%emt 0:00:14]} 13. Be3 {[%emt 0:00:31]} Be6 $146 {[%emt 0:00:40]} ({Vorgänger:} 13... g5 14. Nh2 Ng6 15. Qf3 Nh4 16. Qe2 Rg8 17. dxe5 dxe5 {1-0 (44) Molnar,E (2194)-Boudry,W (1965) Rymanow Zdroj 2017}) 14. d5 {[%emt 0:01:02]} Bd7 {[%emt 0:03:36]} 15. dxc6 {[%emt 0:00:23]} (15. Nd2 $14) 15... bxc6 {[%emt 0:00:30]} 16. Nd2 {[%emt 0:00:04]} Rb8 {[%emt 0:00:34]} 17. Nc4 {[%emt 0:01:41]} Be6 {[%emt 0:01:23]} 18. f4 $15 {[%emt 0:00:11]} Bxc4 {[%emt 0:08:23]} 19. Bxc4 {[%emt 0:00:02]} Rxb2 {[%emt 0:02:13]} 20. Bb3 {[%emt 0:00:06]} Ne6 {[%emt 0:09:52]} 21. f5 {[%emt 0:01:44]} Nf4 {[%emt 0:07:09]} 22. Qf3 {[%emt 0:00:56]} O-O {[%emt 0:07:11]} 23. Nd1 {[%emt 0:01:14]} Rxb3 {[%emt 0:00:20]} 24. cxb3 {[%emt 0:00:01]} d5 {[%emt 0:00:37]} 25. Nf2 {[%emt 0:00:42]} N4h5 {[%emt 0:08:27]} 26. g4 {[%emt 0:01:08]} dxe4 {[%emt 0:00:39]} 27. Nxe4 {[%emt 0:00:07]} Nxe4 {[%emt 0:00:11]} 28. Qxe4 {[%emt 0:00:22]} Nf6 {[%emt 0:00:38]} 29. Qg2 {[%emt 0:00:08]} Nd5 {[%emt 0:00:30]} 30. Bf2 {[%emt 0:00:31]} Rb8 {[%emt 0:00:36]} 31. Rac1 {[%emt 0:00:43]} Qd7 {[%emt 0:05:44]} 32. Qf3 {[%emt 0:00:21]} Bg5 {[%emt 0:01:11]} 33. Rcd1 {[%emt 0:00:09]} Qc7 {[%emt 0:01:55]} 34. Re4 {[%emt 0:01:47]} Nf6 {[%emt 0:03:09]} 35. Rc4 {[%emt 0:01:18]} e4 {[%emt 0:00:06]} 36. Rxe4 {[%emt 0:00:18]} Nxe4 {[%emt 0:00:17]} 37. Qxe4 {[%emt 0:00:02]} Bf6 {[%emt 0:03:20]} 38. Rd3 {[%emt 0:00:24]} Kh7 {[%emt 0:11:21]} 39. Bg3 {[%emt 0:01:19]} Qa7+ {[%emt 0:00:13]} 40. Bf2 {[%emt 0:00:36]} Qa8 {[%emt 0:00:09]} 41. Qc4 {[%emt 0:10:47]} Qb7 {[%emt 0:01:43]} 42. Qe4 {[%emt 0:06:06]} Qa6 {[%emt 0:01:26]} 43. Rd7 {[%emt 0:11:36]} Rxb3 {[%emt 0:12:43]} 44. Rxf7 {[%emt 0:04:16]} Qd3 {[%emt 0:10:44]} 45. Qxd3 {[%emt 0:00:24]} Rxd3 {[%emt 0:00:01]} 46. Ra7 {[%emt 0:00:11]} Rd1+ {[%emt 0:00:32]} 47. Kg2 {[%emt 0:00:27]} Rd2 {[%emt 0:00:11]} 48. Rxa5 {[%emt 0:00:32]} Bd4 {[%emt 0:00:13]} 49. Kf3 {[%emt 0:01:25]} Rxf2+ {[%emt 0:00:35]} 50. Ke4 {[%emt 0:00:18]} c5 {[%emt 0:00:21]} 51. h4 {[%emt 0:00:25]} Rh2 {[%emt 0:01:15]} 52. h5 {[%emt 0:01:21]} Re2+ {[%emt 0:00:09]} 53. Kf3 {[%emt 0:00:18]} Re3+ {[%emt 0:00:32]} 54. Kf4 {[%emt 0:00:09]} Re8 {[%emt 0:00:06]} 55. Ra6 {[%emt 0:00:22]} Rc8 {[%emt 0:00:22]} 0-1

[Event "8th Amsterdam Summer Open-A 2018"]
[Site "Amsterdam"]
[Date "2018.07.11"]
[Round "5"]
[White "Brouwer, Rein"]
[Black "Van Baar, Esper"]
[Result "0-1"]
[WhiteElo "2062"]
[BlackElo "2252"]
[Annotator "NA"]
[PlyCount "54"]
[EventDate "2018.07.07"]
[EventType "swiss"]
[EventCountry "NED"]
[SourceTitle "playchess.com"]
[Source "ChessBase"]
[SourceQuality "1"]
[TimeControl "40/5400+30:1800+30"]

1. d4 {[%emt 19:46:54]} Nf6 2. c4 g6 3. Nc3 Bg7 4. e4 d6 5. Be2 O-O 6. Nf3 e5 7. O-O Nc6 8. d5 Ne7 {[%emt 0:00:02]} 9. b4 {[%emt 0:00:18]} Nh5 {[%emt 0:00:36]} 10. g3 {[%emt 0:00:24]} f5 {[%emt 0:01:50]} 11. Ng5 {[%emt 0:00:12]} Nf6 {[%emt 0:00:35]} 12. f3 {[%emt 0:00:13]} h6 {[%emt 0:06:02]} 13. Ne6 {[%emt 0:00:25] E97: King's Indian: Classical Main Line (6...e5 7 0-0 Nc6): 8 Be3 and 8 d5 Ne7, not 9 Ne1} Bxe6 {[%emt 0:00:06]} 14. dxe6 c6 {[%emt 0:01:54] LiveBook: 6 Games} 15. Ba3 {[%emt 0:08:15]} (15. b5 Qc7 16. Be3 f4 17. Bf2 Rfd8 18. Rb1 Qc8 19. Qa4 Qxe6 20. bxc6 bxc6 21. Rb7 a5 22. Rfb1 Kh8 23. Rc7 {½-½ (33) Sapundjiev,G (2416)-Ciciotti,A (2386) ICCF email 2011}) 15... Ne8 $146 {[%emt 0:12:53]} ({Predecessor:} 15... Qc7 16. Qb3 Qc8 17. Rad1 Qxe6 18. Rxd6 Qf7 19. c5 Qxb3 20. axb3 b5 {½-½ (34) Chandra Sekhar,G-Jonker,M (2205) Guarapuava 1991}) 16. Qb3 {[%emt 0:19:57]} Nc7 {[%emt 0:21:02]} 17. c5 {[%emt 0:03:54]} d5 {[%emt 0:01:54]} 18. exd5 {[%emt 0:13:37]} cxd5 {[%emt 0:06:00]} 19. Rad1 {[%emt 0:00:58]} Kh7 {[%emt 0:05:23]} 20. b5 {[%emt 0:02:36]} (20. Nxd5 $5 Nexd5 21. Bc4 $14) 20... Nxe6 $14 {[%emt 0:02:42]} 21. Bc4 {[%emt 0:00:20]} dxc4 {[%emt 0:12:17]} 22. Qxc4 {[%emt 0:15:29]} Nd4 {[%emt 0:01:55]} 23. c6 {[%emt 0:00:18]} bxc6 {[%emt 0:02:13]} 24. bxc6 {[%emt 0:00:23]} Re8 {[%emt 0:04:31]} 25. c7 {[%emt 0:02:12]} Qd7 {[%emt 0:00:48]} 26. Bxe7 {[%emt 0:00:45]} Rxe7 {[%emt 0:01:50]} 27. Nd5 {[%emt 0:00:11]} Re6 {[%emt 0:01:27]} 0-1